| 000 | 01055nam a22003850a 4500 | ||
|---|---|---|---|
| 001 | PT44477 | ||
| 003 | AR-LpoUNG | ||
| 005 | 20210131231030.0 | ||
| 008 | 191001s2010||||ag |||||||||||||||||spa d | ||
| 020 |
_a9789503406472 _c$14 |
||
| 040 |
_aAR-LpoUNG _bspa _cAR-LpoUNG _eaacr |
||
| 041 | _aspa | ||
| 044 | _aag | ||
| 082 | 0 | _a907.2 271aye | |
| 100 | 1 |
_aBarreneche, Osvaldo _ecomp. |
|
| 245 | 1 | 0 |
_aAyer, hoy y mañana son contemporáneos : _btradiciones, leyes y proyectos en América Latina |
| 250 | _a1ª ed. | ||
| 260 |
_aBuenos Aires : _bUniversidad Nacional de La Plata, _c2010. |
||
| 300 |
_a506 p. : _bfot. |
||
| 650 | 4 | _aADMINISTRACION PUBLICA | |
| 650 | 4 | _aAMERICA LATINA | |
| 650 | 4 | _aANALISIS HISTORICO | |
| 650 | 4 | _aARGENTINA | |
| 650 | 4 | _aDERECHO ADMINISTRATIVO | |
| 650 | 4 | _aGOBIERNO | |
| 650 | 4 | _aHISTORIA | |
| 650 | 4 | _aLEGISLACION | |
| 650 | 4 | _aPROYECTOS | |
| 650 | 4 | _aSOCIEDAD | |
| 651 | 4 | _aAmérica Latina | |
| 653 | _aHISTORIOGRAFIA | ||
| 700 | 1 |
_aBisso, Andrés _ecomp. |
|
| 905 | _a44477 | ||
| 942 | _cLIB | ||
| 999 |
_c7561 _d7561 |
||